James Bond Movies by Initials - Statistics

General Stats
  • This quiz has been taken 78 times
  • The average score is 17 of 24
Answer Stats
Initials 007 Movie % Correct
CR Casino Royale/ Casino Royale
93%
G Goldfinger/ GoldenEye
93%
O Octopussy
87%
QOS Quantum of Solace
85%
S Skyfall/ Spectre
82%
FYEO For Your Eyes Only
78%
DAD Die Another Day
76%
YOLT You Only Live Twice
76%
FRWL From Russia With Love
74%
DN Dr. No
72%
M Moonraker
72%
OHMSS On Her Majesty's Secret Service
71%
AVTAK A View to A Kill
66%
NTTD No Time to Die
66%
T Thunderball
66%
TMWTGG The Man With the Golden Gun
65%
DAF Diamonds Are Forever
62%
LALT Live and Let Die
60%
TWINE The World is Not Enough
59%
TSWLM The Spy Who Loved Me
57%
TND Tomorrow Never Dies
57%
LTK License to Kill
56%
TLD The Living Daylights
56%
NSNA Never Say Never Again
54%
No matching quizzes found
Score Distribution
Percent of People with Each Score
Percentile by Number Answered
Your Score History
You have not taken this quiz